Multiple Choice-Stadtquiz Salzburg - Statistiken

Allgemein
  • Dieses Quiz wurde 40 mal gespielt
  • Das Durchschnittsergebnis liegt bei 6 aus 10
Antwortstatistiken
Frage Antwort % Korrekt
Welcher Fluss fließt durch Salzburg? Salzach
94%
Welches Stück wird seit über 100 Jahren bei den Salzburger Festspielen aufgeführt? Jedermann
74%
Was erfand der Konditor Paul Fürst 1890 in Salzburg? Mozartkugeln
71%
Welche Anlage befindet sich NICHT in der Stadt Salzburg? Festung Hohenwerfen
65%
In welcher Gasse wurde Wolfgang Amadeus Mozart geboren? Getreidegasse
65%
Welcher dieser Gipfel ist keiner der Salzburger Hausberge? Katschberg
62%
Von welchem Gau wird die Stadt Salzburg umgeben? Flachgau
47%
Nach welchem Erzbischof wurde die Salzburger Universität benannt? Paris von Lodron
47%
Wer wurde NICHT in Salzburg geboren? Franz Xaver Gruber
24%
Welche Firma hat ihren Sitz NICHT in der Stadt Salzburg? Red Bull
24%
Keine übereinstimmenden Quizze gefunden
Verteilung der Resultate
Anzahl Personen mit jedem Resultat
Perzentil nach korrekt beantworteten Fragen
Ihre Resultats-Entwicklung
Sie haben dieses Quiz noch nicht gespielt